Travels of the Jesuits, into various parts of the world (Record no. 82652)

MARC details
000 -LEADER
fixed length control field 00647nam a2200205Ia 4500
008 - FIXED-LENGTH DATA ELEMENTS--GENERAL INFORMATION
fixed length control field 191130s1995##################000#0#eng##
082 ## - DEWEY DECIMAL CLASSIFICATION NUMBER
Classification number 910.8 LOC
100 ## - MAIN ENTRY--AUTHOR NAME
Personal name Lockman, John
245 ## - TITLE STATEMENT
Title Travels of the Jesuits, into various parts of the world
Statement of responsibility, etc J. Lockman
260 ## - PUBLICATION, DISTRIBUTION, ETC. (IMPRINT)
Place of publication New Delhi
Name of publisher Asian Educational Services
Year of publication 1995
300 ## - PHYSICAL DESCRIPTION
Number of Pages xxii. : 487p. ; 20 cm
650 ## - SUBJECT ADDED ENTRY--TOPICAL TERM
Topical Term America - Description and travel
Topical Term China - Description and travel
Topical Term Indochina - Description and travel
991 ## -
-- 456191
Holdings
Withdrawn status Lost status Damaged status Not for loan Home library Current library Shelving location Date acquired Full call number Accession Number Price effective from Koha item type
        Anna Centenary Library Anna Centenary Library 7TH FLOOR, B WING 09.10.2020 910.8 LOC 590540 09.10.2020 English Books
        Anna Centenary Library Anna Centenary Library 7TH FLOOR, B WING 09.10.2020 910.8 LOC 590541 09.10.2020 English Books

Find us on the map